000 00538nam a2200169Ia 4500
008 240729s9999 xx 000 0 und d
022 _a2522-5774
245 0 _aFunctional Composite Materials
260 _aUnited Kingdom
260 _bSpringerOpen
650 _a Electrical engineering. Electronics. Nuclear engineering
650 _a Materials of engineering and construction. Mechanics of materials
650 _aTechnology
856 _uhttps://doaj.org/toc/caf1974900434fbd82823401b1a55dd9
942 _2ddc
942 _cDOAJEJ
999 _c74248
_d74248
945 _a1
_bMadushi Gamage
_c1
_dMadushi Gamage